Loading...
| Literature - American | 0 | 7 | 2 | 1 | 60 | 67 | 105.14 | 1 | 3 | 0.00 | 0.00 |
| Literature - European | 0 | 5 | 0 | 2 | 50 | 96 | 133.00 | 0 | 1 | 0.00 | 0.00 |
| Literature - British | 0 | 5 | 1 | 2 | 45 | 97 | 117.00 | 0 | 1 | 0.00 | 0.00 |
| Science - Chemistry | 0 | 5 | 2 | 0 | 40 | 57 | 70.60 | 2 | 4 | 0.00 | 0.00 |
| Science - Other | 0 | 5 | 2 | 0 | 40 | 74 | 93.40 | 2 | 4 | 0.00 | 0.00 |
| Science - Biology | 0 | 4 | 0 | 1 | 40 | 50 | 78.50 | 1 | 2 | 0.00 | 0.00 |
| Fine Arts - Classical Music | 0 | 4 | 0 | 0 | 40 | 74 | 116.50 | 0 | 2 | 0.00 | 0.00 |
| History - American | 0 | 4 | 1 | 1 | 35 | 39 | 85.25 | 1 | 1 | 0.00 | 0.00 |
| Science - Physics | 0 | 4 | 1 | 0 | 35 | 75 | 92.75 | 1 | 3 | 0.00 | 0.00 |
| Social Science | 0 | 4 | 2 | 0 | 30 | 45 | 84.50 | 1 | 1 | 0.00 | 0.00 |
| History - Other | 0 | 3 | 0 | 0 | 30 | 79 | 89.67 | 0 | 0 | 0.00 | 0.00 |
| History - World | 0 | 4 | 2 | 1 | 30 | 59 | 99.75 | 1 | 4 | 0.00 | 0.00 |
| Literature - World | 0 | 3 | 0 | 0 | 30 | 107 | 118.67 | 0 | 2 | 0.00 | 0.00 |
| History - European | 0 | 3 | 1 | 1 | 25 | 53 | 84.67 | 1 | 1 | 0.00 | 0.00 |
| Other Academic | 0 | 2 | 0 | 1 | 20 | 60 | 101.50 | 0 | 1 | 0.00 | 0.00 |
| Religion | 0 | 3 | 2 | 1 | 20 | 81 | 108.67 | 0 | 1 | 0.00 | 0.00 |
| Current Events | 0 | 2 | 0 | 0 | 20 | 62 | 80.00 | 0 | 1 | 0.00 | 0.00 |
| Fine Arts - Painting and Sculpture | 0 | 2 | 0 | 0 | 20 | 59 | 89.50 | 0 | 1 | 0.00 | 0.00 |
| Geography | 0 | 1 | 0 | 0 | 10 | 118 | 118.00 | 0 | 1 | 0.00 | 0.00 |
| Philosophy | 0 | 3 | 4 | 1 | 10 | 78 | 117.33 | 0 | 3 | 0.00 | 0.00 |
| Fine Arts - Other | 0 | 2 | 4 | 0 | 0 | 48 | 75.00 | 0 | 1 | 0.00 | 0.00 |
| Mythology | 0 | 0 | 1 | 0 | -5 | 0.00 | 0 | 0 | 0.00 | 0.00 |